The liquidator (Record no. 1658)

000 -LEADER
fixed length control field 00527nam a22001817a 4500
005 - DATE AND TIME OF LATEST TRANSACTION
control field 20210414105016.0
008 - FIXED-LENGTH DATA ELEMENTS--GENERAL INFORMATION
fixed length control field 210222b1965 ||||| |||| 00| 0 eng d
040 ## - CATALOGING SOURCE
Transcribing agency DLC
080 ## - UNIVERSAL DECIMAL CLASSIFICATION NUMBER
Universal Decimal Classification number 821.111
Item number G-19
100 ## - MAIN ENTRY--PERSONAL NAME
9 (RLIN) 1075
Personal name Gardner.John
245 ## - TITLE STATEMENT
Title The liquidator
Statement of responsibility, etc. / by: A Fawcett Crest Book
260 ## - PUBLICATION, DISTRIBUTION, ETC.
Place of publication, distribution, etc. Greenwich, Conn.
Name of publisher, distributor, etc. A Fawcett Crest Book
Date of publication, distribution, etc. 1965
300 ## - PHYSICAL DESCRIPTION
Extent 158 p.:
365 ## - TRADE PRICE
Price amount 0.5 usd
650 #0 - SUBJECT ADDED ENTRY--TOPICAL TERM
9 (RLIN) 247
Topical term or geographic name entry element English literature
653 ## - INDEX TERM--UNCONTROLLED
Uncontrolled term ინგლისური ლიტერატურა
942 ## - ADDED ENTRY ELEMENTS (KOHA)
Source of classification or shelving scheme
Koha item type Books
Holdings
Withdrawn status Lost status Source of classification or shelving scheme Damaged status Not for loan Permanent location Current location Date acquired Inventory number Total Checkouts Full call number Barcode Date last seen Price effective from Koha item type
          Ken Walker International University Ken Walker International University 02/22/2021 1833   821.111 G-19 1833 02/22/2021 02/22/2021 Books
          Ken Walker International University Ken Walker International University 03/07/2021 2038   821.111 G-19 2038 03/07/2021 03/07/2021 Books

Powered by Koha